The Word of God and the Word of man (Record no. 8640)

MARC details
000 -LEADER
fixed length control field 00592nam a2200217 a 4500
001 - CONTROL NUMBER
control field 0000-8640
003 - CONTROL NUMBER IDENTIFIER
control field ELIB.Books
008 - FIXED-LENGTH DATA ELEMENTS--GENERAL INFORMATION
fixed length control field 110520 1957
035 ## - SYSTEM CONTROL NUMBER
System control number (ELIB.Books)0000-8786
082 ## - DEWEY DECIMAL CLASSIFICATION NUMBER
Classification number 231
Item number Bar
100 ## - MAIN ENTRY--PERSONAL NAME
Personal name Barth, Karl
245 ## - TITLE STATEMENT
Title The Word of God and the Word of man
250 ## - EDITION STATEMENT
Edition statement First Harper Torchbook Edition
260 ## - PUBLICATION, DISTRIBUTION, ETC. (IMPRINT)
Name of publisher, distributor, etc. New York: Harper and Brothers Publishers
Date of publication, distribution, etc. 1957
650 ## - SUBJECT ADDED ENTRY--TOPICAL TERM
Topical term or geographic name as entry element Theology
856 ## - ELECTRONIC LOCATION AND ACCESS
Name of location of host K.B.T.S Library
Uniform Resource Identifier <a href="K.B.T.S Library ELIB.">K.B.T.S Library ELIB.</a>
942 ## - ADDED ENTRY ELEMENTS (KOHA)
Source of classification or shelving scheme Dewey Decimal Classification
Koha item type Books
990 ## - EQUIVALENCES OR CROSS-REFERENCES [LOCAL, CANADA]
Link information for 9XX fields 1
998 ## - LOCAL CONTROL INFORMATION (RLIN)
Cataloger's initials, CIN (RLIN) bat
-- 2011-05-20
Holdings
Withdrawn status Lost status Source of classification or shelving scheme Damaged status Not for loan Home library Current library Date acquired Total Checkouts Barcode Date last seen Bill Date Koha item type
    Dewey Decimal Classification     Karen Baptist Theological Seminary Library Karen Baptist Theological Seminary Library 20/05/2011   8699 22/01/2022 22/01/2022 Books
Implemented & Customized by: BestBookBuddies

Powered by Koha